[Event "ALB-ch"]
[Site "Tirana"]
[Date "2020.10.19"]
[Round "3"]
[White "Kaci, Zamir"]
[Black "Kola, Elvis"]
[Result "0-1"]
[WhiteElo "1914"]
[BlackElo "2033"]
[PlyCount "74"]
[EventDate "2020.10.17"]
[EventType "tourn"]
[EventRounds "7"]
[EventCountry "ALB"]
[SourceTitle "EXT 2022"]
[Source "ChessBase"]
[SourceDate "2021.10.06"]
[SourceVersion "1"]
[SourceVersionDate "2021.10.06"]
[SourceQuality "1"]

1. d4 Nf6 2. Nf3 e6 3. Bf4 d5 4. e3 Bd6 5. Bg3 0-0 6. Bd3 Qe7 7. Nbd2 Nbd7 8. Ne5 c5 9. c3 Ne8 10. 0-0 f6 11. Bxh7+ Kxh7 12. Qh5+ Kg8 13. Ng6 Qd8 14. Nxf8 Nxf8 15. dxc5 Bxc5 16. e4 g6 17. Qe2 Ng7 18. Rad1 Bb6 19. Kh1 Nh5 20. Bh4 Bd7 21. f4 Bc6 22. f5 e5 23. Nc4 Nf4 24. Qg4 g5 25. Nxe5 Bc7 26. Nxc6 bxc6 27. Bf2 Qe7 28. exd5 cxd5 29. Bg3 Kh8 30. Bf2 Nd7 31. Bd4 Kh7 32. h4 Rh8 33. hxg5 Kg8+ 34. Kg1 Ne2+ 35. Kf2 Bg3+ 36. Kf3 Rh4 37. Qxh4 Bxh4 0-1